Orientações curriculares : (Record no. 1569)

MARC details
000 -LÍDER
Campo Fixo de Controle 00773nam a2200241 a 4500
001 - NÚMERO DE CONTROLE
Campo de Controle 1569
003 - IDENTIFICAÇÃO DO NÚMERO DE CONTROLE
Campo de Controle BR-CuiBMT
005 - DATA E HORA DA ÚLTIMA ATUALIZAÇÃO
Campo de Controle 20231215205301.0
008 - DADOS FIXOS
Dados Fixos 231215s2010 mtba 000 0 por d
020 ## - INTERNATIONAL STANDARD BOOK NUMBER
Nº do ISBN 9788588421813
040 ## - AGÊNCIA CATALOGADORA
Código da Agência Catalogadora BR-CuiBMT
Agência que transcreveu o registro BR-CuiBMT
080 ## - Nº DA CLASSIFICAÇÃO DECIMAL UNIVERSAL
Nº Class. CDU 371.214.1
Subd. Auxiliar Comum (817.2)
090 ## - NÚMERO DE CHAMADA
Nº classificação 371.214.1(817.2)
Cutter M433o
110 1# - ENTRADA PRINCIPAL -- ENTIDADE
Nome da entidade ou lugar Mato Grosso.
Unidade subordinada Secretaria de Educação
245 10 - TÍTULO PRINCIPAL
Título principal Orientações curriculares :
Subtítulo diversidades educacionais
260 ## - PUBLICAÇÃO, DISTRIBUIÇÃO, ETC.
Local de publicação Cuiabá :
Editora Defanti,
Data 2010.
300 ## - DESCRIÇÃO FÍSICA
N. páginas ou volumes 308 p. :
Ilustrações il. ;
Dimensões 28 cm
504 ## - NOTA DE BIBLIOGRAFIA, ETC.
Nota de bibliografia Inclui bibliografia.
650 ## - ASSUNTO TÓPICO
Cabeçalho tópico ou nome geográfico Currículo
Subdivisão de forma Educação básica
Subdivisão geográfica Mato Grosso
650 ## - ASSUNTO TÓPICO
Cabeçalho tópico ou nome geográfico Diversidade sexual
Subdivisão de forma Educação
Subdivisão geográfica Mato Grosso
650 ## - ASSUNTO TÓPICO
Cabeçalho tópico ou nome geográfico Relações étnico-raciais
Subdivisão geográfica Mato Grosso
942 ## - ELEMENTOS DE ENTRADA ADICIONAIS (KOHA)
Fonte de classificação ou esquema de arquivamento Classificação Decimal Universal
Tipo de item do Koha Livros
Holdings
Estado: removido Estado: perdido Fonte de classificação ou esquema de arquivamento Estado: danificado Indisponível para empréstimo Localização permanente Localização atual Data de aquisição Total Checkouts Número de Chamada completo Código de barras Date last seen Número do exemplar Preço efetivo a partir de Tipo de item (Koha)
    Classificação Decimal Universal     Biblioteca da Escola Superior de Contas do TCE/MT Biblioteca da Escola Superior de Contas do TCE/MT 15/12/2023   371.214.1(817.2) M433o BIBTCEMT23120581 15/12/2023 Ex. 1 15/12/2023 Livros

Powered by Koha